Everton FC Squad 2015-2016 - Statistics

General Stats
  • This quiz has been taken 14 times
  • The average score is 18 of 31
Answer Stats
# Position Nation Player % Correct
10 FW Belgium Romelu Lukaku
92%
23 DF Ireland Seamus Coleman
92%
24 GK United States Tim Howard
92%
5 DF England John Stones
83%
11 FW Belgium Kevin Mirallas
83%
3 DF England Leighton Baines
83%
9 FW Ivory Coast Arouna Koné
75%
8 DF Costa Rica Bryan Oviedo
75%
1 GK Spain Joel Robles
75%
17 MF Bosnia and Herzegovina Muhamed Bešić
75%
16 MF Ireland James McCarthy
67%
6 DF England Phil Jagielka
67%
25 DF Argentina Ramiro Funes Mori
67%
- Coach Spain Roberto Martínez
67%
22 FW South Africa Steven Pienaar
67%
4 MF Ireland Darron Gibson
58%
20 MF England Ross Barkley
58%
21 MF England Leon Osman
50%
14 FW Scotland Steven Naismith
50%
12 FW England Aaron Lennon
42%
7 FW Ireland Aiden McGeady
42%
14 FW Senegal Oumar Niasse
42%
15 MF England Tom Cleverley
42%
32 DF Zimbabwe Brendan Galloway
33%
18 MF England Gareth Barry
33%
19 FW Spain Gerard Deulofeu
33%
2 DF England Tony Hibbert
33%
27 DF China Tyias Browning
33%
28 FW Uruguay Leandro Rodríguez
25%
- Coach England David Unsworth
8%
39 DF Brazil Felipe Mattioni
8%
No matching quizzes found
Score Distribution
Percent of People with Each Score
Percentile by Number Answered
Your Score History
You have not taken this quiz